000 01356cam a2200229 i 4500
020 _a0198716044
020 _a9780198716044
041 _aEnglish
082 0 4 _a215
_bSTE
100 1 _aSteane, Andrew M.,
245 1 0 _aFaithful to science
250 _aFirst edition.
260 _aUnited Kingdom
_bOxford University Press
_c2014
300 _aviii, 255 pages :
_billustrations (black and white) ;
505 0 _aPart I. Science and nature. Faith and engagement -- Science and faith -- The nature of the physical world -- Autobiographical sketch -- Keeping science -- The book of marvels -- Half way -- Part II. Origins. The argument from design -- Genesis -- Human origins -- Comparing notes -- Final comments -- Appendix: Two legends.
520 8 _aScience and religious faith are two of the most important and influential forces in human life, yet there is widespread confusion about how, or indeed whether, they link together. This book describes this combination from the perspective of one who finds that they link together productively and creatively.
650 0 _aReligion and science.
856 4 1 _uhttp://www.loc.gov/catdir/enhancements/fy1506/2013957450-t.html
856 4 2 _uhttp://www.loc.gov/catdir/enhancements/fy1506/2013957450-d.html
856 4 2 _uhttp://www.loc.gov/catdir/enhancements/fy1506/2013957450-b.html
942 _cBK
999 _c22380
_d22380